Ekonomická klasifikácia rozpočtovej klasifikácie a kódy zdroja príjmov v roku 2025

Príspevok sa venuje otázkam subjektov územnej samosprávy s ohľadom na aktuálny rozpočtový rok 2025 a príručku ministerstva financií Slovenskej republiky na zostavenie návrhu rozpočtu verejnej správy na roky 2025 až 2027, ako aj novelizovaným kódom zdroja príjmu pre súčasný rozpočtový rok v územnej s...

Descripción completa

Guardado en:
Detalles Bibliográficos
Autor principal: Sýkora, Jozef
Formato: Capítulo de libro
Lenguaje:eslovaco
Materias:
Etiquetas: Agregar Etiqueta
Sin Etiquetas, Sea el primero en etiquetar este registro!

MARC

LEADER 00000naa a2200000 4500
001 0308168
005 20250416085908.2
041 0 |a slo 
044 |a SK 
245 1 0 |a Ekonomická klasifikácia rozpočtovej klasifikácie a kódy zdroja príjmov v roku 2025  |c Jozef Sýkora 
520 |a Príspevok sa venuje otázkam subjektov územnej samosprávy s ohľadom na aktuálny rozpočtový rok 2025 a príručku ministerstva financií Slovenskej republiky na zostavenie návrhu rozpočtu verejnej správy na roky 2025 až 2027, ako aj novelizovaným kódom zdroja príjmu pre súčasný rozpočtový rok v územnej samospráve. 
610 2 0 |a klasifikácia 
610 2 0 |a ekonomika 
610 2 0 |a investície 
610 2 0 |a obce 
610 2 0 |a príjmy 
100 1 |a Sýkora, Jozef